书目信息 |
| 题名: |
帝国风暴
|
|
| 作者: | 张建华 著 | |
| 分册: | ||
| 出版信息: | 北京 北京大学出版社 2016 |
|
| 页数: | 518页 | |
| 开本: | 24cm | |
| 丛书名: | ||
| 单 册: | ||
| 中图分类: | K512.34 | |
| 科图分类: | ||
| 主题词: | ||
| 电子资源: | ||
| ISBN: | 978-7-301-26871-1 | |
| 000 | 01185nam0 22002531 450 | |
| 001 | 1738591791 | |
| 005 | 20170627164609.0 | |
| 010 | @a978-7-301-26871-1@dCNY69.00 | |
| 100 | @a20160725d2016 em y0chiy50 ea | |
| 101 | 0 | @achi |
| 102 | @aCN@b110000 | |
| 105 | @ay z 000yy | |
| 106 | @ar | |
| 200 | 1 | @a帝国风暴@9di guo feng bao@e大变革前夜的俄罗斯@f张建华著 |
| 210 | @a北京@c北京大学出版社@d2016 | |
| 215 | @a518页@d24cm | |
| 300 | @a教育部区域国别研究重点培育基地北京师范大学俄罗斯研究中心资助 | |
| 330 | @a1762-1855年是俄罗斯帝国最为鼎盛之时期,亦是俄罗斯思想文化最为辉煌之时代,同时也是旧制度的优势和合法性消耗殆尽之时期,更是民族、国家、社会、家庭和个人大变革的前夜。本书关注这一历史转折时期俄罗斯帝国的内部结构的演变、统治者帝国治理观念的转变、帝国意识形态的变迁、俄国的国家形象与民族形象的转换,由此考察大变革前夜(1861年农奴制改革和俄国现代化进程启动前),俄罗斯帝国和社会面临的诸多紧要问题和命运挑战。 | |
| 517 | 1 | @a大变革前夜的俄罗斯@9da bian ge qian ye de e luo si |
| 607 | @a俄罗斯@Ae luo si@x历史@z1762-1855 | |
| 690 | @aK512.34@v5 | |
| 701 | 0 | @a张建华@9zhang jian hua@f(1962~)@4著 |
| 801 | 0 | @aCN@bTANGWEI@c20170621 |
| 905 | @b1015489-94@dK512.34@e51@f6 | |
| 帝国风暴:大变革前夜的俄罗斯/张建华著 .-北京:北京大学出版社,2016 |
| 518页;24cm |
| 教育部区域国别研究重点培育基地北京师范大学俄罗斯研究中心资助 |
| ISBN 978-7-301-26871-1:CNY69.00 |
| 1762-1855年是俄罗斯帝国最为鼎盛之时期,亦是俄罗斯思想文化最为辉煌之时代,同时也是旧制度的优势和合法性消耗殆尽之时期,更是民族、国家、社会、家庭和个人大变革的前夜。本书关注这一历史转折时期俄罗斯帝国的内部结构的演变、统治者帝国治理观念的转变、帝国意识形态的变迁、俄国的国家形象与民族形象的转换,由此考察大变革前夜(1861年农奴制改革和俄国现代化进程启动前),俄罗斯帝国和社会面临的诸多紧要问题和命运挑战。 |
| ● |
| 相关链接 |
|
|
|
|
正题名:帝国风暴
索取号:K512.34/51
 
预约/预借
| 序号 | 登录号 | 条形码 | 馆藏地/架位号 | 状态 | 备注 |
| 1 | 1015489 | 210154893 | 第二样本阅览室/ [索取号:K512.34/51] | 在馆 | |
| 2 | 1015490 | 210154900 | 教育系资料室/ [索取号:K512.34/51] | 在馆 | |
| 3 | 1015491 | 210154919 | 教育系资料室/ [索取号:K512.34/51] | 在馆 | |
| 4 | 1015492 | 210154928 | 教育系资料室/ [索取号:K512.34/51] | 在馆 | |
| 5 | 1015493 | 210154937 | 第二借阅区/ [索取号:K512.34/51] | 在馆 | |
| 6 | 1015494 | 210154946 | 第二借阅区/ [索取号:K512.34/51] | 在馆 |